000 00590nam a2200181Ia 4500
003 GCL
005 20240530105235.0
008 140319s9999 xx 000 0 ara d
040 _aGCL /
_cGCL
082 0 4 _a355.13
_bج ت
100 1 _aجمال الدين سالم حجازى
245 1 0 _aتاديب اعضاء هيئة الشرطة : دراسة تطبيقية /
_cجمال الدين سالم حجازى
260 _a[S.N] :
_bفؤاد هاشم الكتبى ،
_c1988
300 _a302 ص
650 0 4 _aالقانون
650 0 4 _aالقانون العسكرى
942 _2ddc
_cBK
999 _c54238
_d54238